000 01210nam0a2200337 i 4500
001 RU\NLR\BIBL_A\010853912
005 20241105132601.0
010 _a9785751612580
_93000
021 _aRU
_b2015-63962
_93813
035 _a(NILC)RuMoRGB-008001432
035 _a(NLR Aleph) 010853912
090 _a10386666
_c10386666
100 _a20151001d2015 u y0rusy50 ca
101 1 _arus
_cger
102 _aRU
105 _ay|||z|||000ay
200 1 _a13 правдивых историй
_e[рассказы]
_eперевод с немецкого
_fАлекс Капю
210 _aМосква
_cТекст
_d2015
215 _a205, [2] с.
_d17
320 _aБиблиогр.: с. 191-198
517 1 _aТринадцать правдивых историй
607 _aШвейцария
_jПопулярные издания
_xИстория
_91143403
_3RU\NLR\AUTH\66136972
675 _a821112.1-3
686 1 _aТ3(4Ш)я9
686 1 _aШ6(4Ш)167-440.4{Лх1398-50}
700 1 _7ca
_8rus
_aКапю
_bА.
_f1961-
_gАлекс
_9149054
_3RU\NLR\AUTH\770149090
801 0 _aRU
_bРГБ
_c20150820
_gRCR
942 _cBOOK
980 _aNBR